| 000 | 00511nam a22001577a 4500 | ||
|---|---|---|---|
| 003 | 0 | ||
| 005 | 20230616144419.0 | ||
| 008 | 230616b xxu||||| |||| 00| 0 eng d | ||
| 020 | _a971-630-021-2 | ||
| 082 |
_aFil. 398.209599 _b.Pa294 1993 |
||
| 245 |
_aThe girl who fell from the sky and other classic Philippine legends _cPaterno, Maria Elena. |
||
| 260 |
_aMakati City _bTahanan Books for Young Readers _cC1993 |
||
| 300 |
_a56pp. _bill. _c25cm. |
||
| 500 | _aFolk literature-Philippines. | ||
| 942 |
_2ddc _cBK |
||
| 999 |
_c364990 _d364990 |
||